Statistiche per Riconosci lo Stato - Quiz n°140

Clicka qui per fare il quiz!

Statistiche generali

  • Questo quiz è stato fatto 5 volte
  • Il punteggio medio è 12 su 13

Statistiche sulle risposte

IndizioRisposta% Corretto
Popolazione100.209 ab. (
100%
Indipendenza4 giugno 1970 dal Regno Unito
100%
Superficie748 km²
100%
Iniziale della CapitaleN
100%
ValutaPaʻanga
100%
Primo ministroSiaosi Sovaleni
100%
ReTupou VI
100%
Tasso di crescita0,192%
80%
ISU0,704
80%
PIL (nominale)471 milioni di $
80%
Forma di GovernoMonarchia costituzionale parlamentare
80%
RispostaTonga
80%
Fuso OrarioUTC+13[
80%

Distribuzione punteggi

Percentile per numero di risposta

Percentuale di utenti per punteggio

I tuoi punteggi nel tempo

Non hai fatto questo quiz